01243nam a2200253 i 4500001000700000003000900007005001700016007000300033008004100036100004800077245020100125260006000326300002100386504003400407530003500441600006500476600011000541610005400651852002700705856008900732942000800821999001900829952014100848150373ES-MaACL20260203104603.0t|071030s1905 sp |||| | spa d1 aVal, Mariano Miguel de, d1875-1912911242913aLa poesía del "Quijote" : bdiscurso leído la noche del 7 de mayo de 1905 en el Ateneo de Madrid con ocasión del III Centenario de la publicación del Quijote / cpor Mariano Miguel de Val. aMadrid : b[s.n.], c1905 (fImp. Bernardo Rodríguez) a83 p. ; c18 cm. aReferencias bibliográficas. aDisponible en formato digital.14aCervantes Saavedra, Miguel de,d1547-1616-xPoesía917468414aCervantes Saavedra, Miguel de,d1547-1616. tDon Quijote de la Mancha-vAniversarios y centenarios93761424aAteneo de Madrid-vConferencias-y1900-1939919074 aES-MaACLjA-7905cSPP24 uhttp://bdh-rd.bne.es/viewer.vm?id=0000198691&page=1 yBiblioteca Digital Hispánica 2udc c150373d150373 001040708Colección_digitalaATENEOMbATENEOMcSPP1d2008-01-17eSCl0oA-7905p1156913r2023-02-23 00:00:00w2023-02-23yMONOGRAFIA